000 00610nam a22001697a 4500
003 PILC
005 20151001094039.0
008 151001b xxu||||| |||| 00| 0 eng d
020 _a9781138831698
050 _aPN 1992.75
_b.P78 2015
245 _aProduction studies, the sequel! :
_bcultural studies of global media industries /
_cedited by Miranda Banks, Bridget Conor, and vick Mayer.
260 _aNew York :
_bRoutledge,
_c2015.
300 _axx, 285pages ;
_c24 cm.
500 _aIncludes bibliographical references and index.
650 _aTelevision
_xProduction and direction.
942 _2lcc
_cBK
_kFOR
999 _c288792
_d288792